| 000 | 01239nam a2200349 i 4500 | ||
|---|---|---|---|
| 001 | 13403 | ||
| 003 | KOSZ 005 | ||
| 005 | 20191105093219.0 | ||
| 008 | 080330s1963 pl a f f 000 0 pol | ||
| 015 | _aPB 1963/5129 | ||
| 040 |
_aWA N _cWA N _dKOSZ 005/RW |
||
| 080 | _a620 | ||
| 080 | _a517 | ||
| 100 | 1 |
_aChwiej, Mieczysław _eAutor |
|
| 245 | 1 | 0 |
_aZastosowanie rachunku operatorowego do obliczeń wytrzymałościowych / _cMieczysław Chwiej. |
| 260 |
_aWarszawa : _b"Arkady", _c1963. |
||
| 300 |
_a49, [2] stron : _bilustracje ; _c18 cm. |
||
| 336 |
_aTekst _btxt _2rdacontent |
||
| 337 |
_aBez urządzenia pośredniczącego _bn _2rdamedia |
||
| 338 |
_aWolumin _bnc _2rdacarrier |
||
| 380 | _aKsiążki. | ||
| 490 | 1 |
_aBiblioteka Inżynierii i Budownictwa ; _v4. |
|
| 504 | _aBibliografia na stronie [51]. | ||
| 650 | 4 | _aRachunek operatorowy | |
| 658 | _aMatematyka | ||
| 658 | _aArchitektura i budownictwo | ||
| 650 | 4 | _aWytrzymałość materiałów | |
| 710 | 2 |
_aWydawnictwo Arkady _4pbl. |
|
| 830 | 0 |
_aBIB Biblioteka Inżynierii i Budownictwa ; _v4. |
|
| 856 |
_uhttp://koha.tu.koszalin.pl/cgi-bin/koha/opac-detail.pl?biblionumber=13403 _yKatalog online BPK |
||
| 942 |
_2UKD _cKS |
||
| 999 |
_c13403 _d13403 |
||